| 000 | 00000nam##2200000za#4500 |
| 001 | 9.639213 |
| 003 | CaOODSP |
| 005 | 20210624222042 |
| 007 | cr ||||||||||| |
| 008 | 150407|2002||||xxc|||||o f|0| 0 fre|d |
| 040 | |aCaOODSP|bfre |
| 043 | |an-cn--- |
| 086 | 1 |aH68-53/2002F-PDF |
| 110 | 1 |aCanada.|bConseil national du bien-être social. |
| 245 | 13|aLe coût de la pauvreté |h[ressource électronique] |
| 260 | |aOttawa - Ontario : |bConseil national du bien-être social |cc2001. |
| 300 | |a28p.|bréférences |
| 500 | |a«Il n'est pas question dans les pages qui suivent des personnes qui vivent dans la pauvreté à un moment ou à un autre. Ce document remet plutôt en question nos présomptions au sujet de la pauvreté elle-même-et de ceux qui en sont victimes-de manière à ce que nous puissions trouver des moyens durables et plus novateurs de la prévenir.»--Introduction |
| 500 | |a« Hiver 2001-02 ». Le n° de catalogue (H68-53/2002F) de l'édition imprimée a été incorrectement copié dans l'édition électronique. |
| 590 | |a12-30-Supp|b2012-06-28 |
| 691 | 07|aPauvreté|2gcpds |
| 691 | 07|aCoût|2gcpds |
| 691 | 07|aFaible revenu|2gcpds |
| 691 | 07|aQuestions économiques|2gcpds |
| 691 | 07|aSécurité du revenu|2gcpds |
| 691 | 07|aBien-être social|2gcpds |
| 775 | 08|tThe cost of poverty |w(CaOODSP)9.695055 |
| 776 | 0#|tLe coût de la pauvreté |w(CaOODSP)9.681724 |
| 856 | 40|ahttp://publications.gc.ca|qPDF|s1264 Ko|uhttps://publications.gc.ca/collections/collection_2011/cnb-ncw/H68-53-2002-fra.pdf |